000 00413nam a2200157Ia 4500
005 20250522002920.0
008 240331s9999 xx 000 0 und d
082 _a301.01
_bPOO
100 _aPooranachchandiran , K.
245 0 _aAmaippumaiya vatamum pin amaippu vatamum
260 _aKovai
_bNizhal Veliyidu
_c1991
300 _a204 p .,
650 _aStructuralism
650 _aPost-Structuralism
942 _cL
999 _c1075
_d1075